Quizzes
Events
Quiz Creation
Community
Videos
Private Events
Remove Ads
Sign In
Join for FREE
Feedback
Dark Mode
Quiz Categories
Sports
Geography
Music
Movies
Television
Just For Fun
Miscellaneous
History
Literature
Language
Science
Gaming
Entertainment
Religion
Holiday
For Kids
Quiz Lab
Recent
Popular Today
Quiz Kudos Today
Editor Picks
Curator Picks
Quizzes by...
Day
Popularity
Type
Ratings
Length
Year
Community
Subscriptions
Recent Discussions
Orange Saloon
Badges
Playlists
Quests
Create
Leaderboards
Showdown
Live 5
Trivia Bingo
Activity
Puzzle Library
Sporcle Events
Private Events
Virtual Trivia
Globe League
Become a Host
Pub Owners
SporcleCon
Opinionation
Our Games
Videos
Blog
Mobile Apps
Partnerships
Remove Ads and Go Orange
Feedback
History
US Presidents
World Leaders
Politics
Nation
Discovery
War
Decade
Year
Century
Biography
Art
History
US Presidents
World Leaders
Politics
Nation
Discovery
War
Decade
Year
Century
Biography
Art
Random Quiz
Search Sporcle
×
Quiz Lab
Quiz Lab
History
US Presidents
Type in answers that appear in a list
Type in answers that appear in a list
Classic
Best Score? Go Orange.
US Presidents and Political Parties Stats
Can you name the US Presidents and their Political Parties
By
melxo14
10m
44 Questions
178 Plays
178 Plays
178 Plays
Comments
Comments
Give Quiz Kudos
Give Quiz Kudos
-
- Ratings
hide this ad
Forced Order
Answers have to be entered in order
Answers have to be entered in order
Replay
Link that replays current quiz
Next Quiz
Link to next quiz in quiz playlist
You Got
0%
They Got
Avg Score
52%
Avg Friend Score
Upgrade to see
Score Distribution
Jump to the score distribution portion of the page
Score
0/44
Timer
10:00
0
Plays Today
year
President and party
% Correct
1789-
1797
George Washington none
87%
1797-
1801
John Adams federalist
81.4%
1801-
1809
thomas jefferson democratic republican
79.1%
1809-
1817
james madison democratic republican
78.5%
1861-
1865
abraham lincoln republican
56.5%
1817-
1825
james monroe democratic republican
55.4%
1825-
1829
john q adams democratic republican
55.4%
1829-
1837
andrew jackson democratic
54.8%
1837-
1841
martin van buren democratic
53.7%
1841
william h harrison whig
52.5%
1841-
1845
john tyler whig
52.5%
1869-
1877
ulysses s grant republican
52%
1857-
1861
james buchanan democratic
51.4%
1881
james garfield republican
51.4%
1850-
1853
millard fillmore whig
50.8%
1885-
1889
grover cleveland democratic
50.8%
1845-
1849
james k polk democratic
50.3%
1853-
1857
franklin pierce democratic
50.3%
1877-
1881
rutherford b hayes republican
50.3%
1897-
1901
william mckinley republican
50.3%
2001-
2008
george w bush republican
50.3%
1849-
1850
zachary taylor whig
49.7%
year
President and party
% Correct
1881-
1885
chester a arthur republican
49.7%
1865-
1869
andrew johnson democratic
49.2%
1989-
1993
george h w bush republican
49.2%
2008-
today
barack obama democratic
49.2%
1993-
2001
bill clinton democratic
48.6%
1893-
1897
grover cleveland democratic
48%
1953-
1961
dwight d eisenhower republican
48%
1961-
1963
john f kennedy democratic
48%
1901-
1909
theodore roosevelt republican
47.5%
1933-
1945
franklin d roosevelt democratic
47.5%
1969-
1974
richard nixon republican
47.5%
1974-
1977
gerald ford republican
47.5%
1981-
1989
ronald reagan republican
47.5%
1923-
1929
calvin coolidge republican
46.9%
1929-
1933
herbert hoover republican
46.9%
1945-
1953
harry s truman democratic
46.9%
1963-
1969
lyndon b johnson democratic
46.9%
1977-
1981
jimmy carter democratic
46.9%
1913-
1921
woodrow wilson democratic
46.3%
1889-
1893
benjamin harrison republican
45.8%
1909-
1913
william h taft republican
45.8%
1921-
1923
warren g harding republican
45.8%
Quiz Playlist
Details
Report
Send in Message
Add To Playlist
Classic:
Type in answers that appear in a list
Forced Order:
Answers have to be entered in order
Last Updated: Feb 16, 2017
Quiz Scoreboard
CHALLENGE
Sign Up to Join the Scoreboard
Show All
Scores
Hide
Comments
May contain spoilers
Recently Published
Billboard Blitz: Fleetwood Mac
by CooCooCachoo
Music
15s
Presidents Visiting Landmarks
by Hejman
History
7m
An Introduction to Baseball
by treessimontrees
Sports
5m
More to Explore
Quiz From the Vault
Featured Blog Post
Where Did the Easter Bunny Come From?
hide this ad
You Might Also Like...
Tags
Politics Quiz
US Presidents Quiz
Party
Today's Top Quizzes in History
Browse History
hide this ad
Today's Top Quizzes in US Presidents
Browse US Presidents
Top Contributed Quizzes in History
1
Popular People in 1991
2
Popular People in 1981
3
Popular People in 1951
4
Popular People in 1941
5
Popular People in 1986
6
Popular People in 1976
7
Popular People in 1921
8
I Am Born On March 28th
9
5-to-1: 20th Century Images of War
10
Popular People in 1946
Explore More
Trending Topics
Kpop
Anime
NBA
Crossword
Harry Potter
Marvel
Disney
NFL
The Office
WWE
Country
Puzzle
Soccer
Song
Pokémon
hide this ad
More By:
melxo14
Quiz
Plays
Rating
Category
Featured
Created
Harry Potter Family Tree
2,088
2.00
Literature
Dec 25, 2011
Children's TV Show Theme Song
323
1.67
Television
Dec 28, 2011
song lyrics-Starship
285
Music
Jun 27, 2012
US Presidents and Political Parties
178
3.33
History
Feb 23, 2014
Go to Creator's Profile
Score Distribution
Quiz Creator Spotlight
melxo14
Follow
Send a Message
Quizzes Created
-
Created Quiz Play Count
-
More By This Creator
Popular Quizzes Today
1
Find the US States - No Outlines Minefield
2
Find the Countries of Europe - No Outlines Minefield
3
The Countries of the World
4
Find the US States
5
US States
6
Popular People in 1961
7
Risky Map Clicking: Biggest States A-Z
8
Movies - When Are They Set?
More History Quizzes
On This Day: September 29th
Published
Trending Quizzes
Risky Map Clicking: Least Populous States A-Z
1-10 Letter G Words
1-10 Letter F Words
Risky Map Clicking: Next State Alphabetically
Risky Map Clicking: Biggest States A-Z
Recently Updated
Leaping Animals
pecheneg
Reality TV Shows (A-Z)
bhenderson79
Rickey Henderson's Hall of Fame Teammates
pecheneg
Champions League XIs: Arsenal
pecheneg
Quick Pick: Celebrities in WWE's Hall of Fame
aduchscher
A-Z Keypad Blitz II
pecheneg
Multiple Oscar Actors
pecheneg
Mystery Phrase Blitz: Oscar 'Best Actors'
pecheneg
F. Scott Fitzgerald Novels
LTH
Pick 3 Villains
ddd62291
Trending Topics
Harry Potter
Kpop
Marvel
Crossword
Disney
Anime
NBA
WWE
Soccer
The Office
Puzzle
Country
Song
NFL
Pokémon
Your Account Isn't Verified!
In order to create a playlist on Sporcle, you need to verify the email address you used during registration. Go to your
Sporcle Settings
to finish the process.
Report this User
Report this user for behavior that violates our
Community Guidelines
.
Details:
Send Report
Go to the Sporcle.com Mobile Site →
Comments